UM Logo

Medical-surgical nursing: (Record no. 3495)

MARC details
000 -LEADER
fixed length control field 00700nam a22001937a 4500
008 - FIXED-LENGTH DATA ELEMENTS--GENERAL INFORMATION
fixed length control field 160718b xxu||||| |||| 00| 0 eng d
020 ## - INTERNATIONAL STANDARD BOOK NUMBER
International Standard Book Number 9-81259271-7
082 ## - DEWEY DECIMAL CLASSIFICATION NUMBER
Edition number 2005
Classification number DC 610.73
Item number B56m
100 ## - MAIN ENTRY--PERSONAL NAME
9 (RLIN) 11657
Personal name Black, Joyce M.
245 ## - TITLE STATEMENT
Title Medical-surgical nursing:
Remainder of title clinical management for positive outcomes, Volume 2/
Statement of responsibility, etc. Joyce M. Black and Jane Hokanson Hawks.
250 ## - EDITION STATEMENT
Edition statement 7th edition
260 ## - PUBLICATION, DISTRIBUTION, ETC. (IMPRINT)
Place of publication, distribution, etc. Singapore:
Name of publisher, distributor, etc. Elsevier Saunders,
Date of publication, distribution, etc. c2005.
300 ## - PHYSICAL DESCRIPTION
Extent various paging:
Other physical details illustrations;
Dimensions 26 cm.
500 ## - GENERAL NOTE
General note Includes bibliographical references and index.<br/>
650 #0 - SUBJECT ADDED ENTRY--TOPICAL TERM
9 (RLIN) 11658
Topical term or geographic name as entry element Surgical nursing
700 ## - ADDED ENTRY--PERSONAL NAME
9 (RLIN) 11659
Personal name Hawks, Jane H.
Relator term Author
365 ## - TRADE PRICE
Price type code Php
Price amount 1298.00
942 ## - ADDED ENTRY ELEMENTS (KOHA)
Source of classification or shelving scheme Dewey Decimal Classification
Koha item type Circulation
Holdings
Withdrawn status Lost status Source of classification or shelving scheme Materials specified (bound volume or other part) Damaged status Not for loan Collection code Home library Current library Date acquired Source of acquisition Total Checkouts Full call number Barcode Date last seen Copy number Price effective from Koha item type
    Dewey Decimal Classification Vol. 2     Circulation UM Digos College - LIC UM Digos College - LIC 09/28/2006 Purchased   DC 610.73 B56 2005 18756 05/15/2025 1 07/18/2016 Circulation
    Dewey Decimal Classification Vol. 2     Circulation UM Digos College - LIC UM Digos College - LIC 09/28/2006 Purchased   DC 610.73 B56 2005 18757 04/14/2025 2 07/18/2016 Circulation